| 000 | 00911nam a22002177a 4500 | ||
|---|---|---|---|
| 003 | BD-DhJNU | ||
| 005 | 20260504061153.0 | ||
| 008 | 260504b |||||||| |||| 00| 0 eng d | ||
| 020 | _a9788195058341 | ||
| 040 |
_aBD-DhJNU _bBEN _cBD-DhJNU _dBD-DhJNU |
||
| 082 |
_223 _a305.512 |
||
| 100 | _aসেন, ক্ষিতিমোহন | ||
| 242 |
_aCaste differences / _cKshitimohan Sen |
||
| 245 |
_aজাতি ভেদ / _cক্ষিতিমোহন সেন |
||
| 260 |
_aকলকাতা : _bতথাগত, _c2021. |
||
| 300 |
_a২৩২ পৃ. : _bচিত্র ; _c২২ সেমি.। |
||
| 504 | _aগ্রন্থপঞ্জিগত নির্দেশিকা ও নিঘন্ট অন্তভূক্ত | ||
| 650 | _aভারতে জাতিভেদ প্রথা | ||
| 650 | _aভারতে সামাজিক শ্রেণী | ||
| 942 |
_2ddc _cBK _n0 |
||
| 999 |
_c2759 _d2759 |
||